Dì Bette : Tiểu thuyết
Đã lưu trong:
| Tác giả chính: | |
|---|---|
| Định dạng: | Sách |
| Ngôn ngữ: | Undetermined |
| Được phát hành: |
Cà Mau
Mũi Cà Mau
1987
|
| Những chủ đề: | |
| Các nhãn: |
Thêm thẻ
Không có thẻ, Là người đầu tiên thẻ bản ghi này!
|
| Thư viện lưu trữ: | Trung tâm Học liệu Trường Đại học Cần Thơ |
|---|
| LEADER | 00571nam a2200205Ia 4500 | ||
|---|---|---|---|
| 001 | CTU_32693 | ||
| 008 | 210402s9999 xx 000 0 und d | ||
| 082 | |a 843.7 | ||
| 082 | |b B197/T.2 | ||
| 100 | |a Balzac, Honoré de | ||
| 245 | 0 | |a Dì Bette : | |
| 245 | 0 | |b Tiểu thuyết | |
| 245 | 0 | |c Honoré de Balzac ; Nguyễn Văn Trấn (dịch) | |
| 260 | |a Cà Mau | ||
| 260 | |b Mũi Cà Mau | ||
| 260 | |c 1987 | ||
| 650 | |a French fiction | ||
| 650 | |y 19th century | ||
| 904 | |i Qhieu sửa | ||
| 980 | |a Trung tâm Học liệu Trường Đại học Cần Thơ | ||